| 000 | 00565nam a22001817a 4500 | ||
|---|---|---|---|
| 005 | 20251108170955.0 | ||
| 008 | 250721s1957 xx 000 0 ara d | ||
| 082 | 1 | 4 | _aم/928/عمر |
| 100 | 1 | _aكحالة، عمر رضا | |
| 245 | 1 | 0 |
_aمعجم المؤلفين : _bتراجم مصنفي الكتب العربية / |
| 264 | 1 |
_aبيروت : _bدار إحياء التراث العربي، _c1957. |
|
| 300 | _a15 15ج في 8 مج | ||
| 650 | 1 | 7 | _aالمؤلفون |
| 650 | 1 | 7 | _aتراجم |
| 650 | 1 | 7 | _aالمعاجم |
| 942 |
_2ddc _cREF |
||
| 999 |
_c53412 _d53412 |
||